I movimenti omosessuali di liberazione /

Saved in:
Bibliografiske detaljer
Andre forfattere: Maraini, Dacia (Author of afterword, colophon, etc.), Spolato, Mariasilvia
Format: Bog
Sprog:italiensk
Udgivet: Roma : La nuova sinistra, © 1972
Serier:Cultura politica ; 99
Fag:
Tags: Tilføj Tag
Ingen Tags, Vær først til at tagge denne postø!

MARC

LEADER 00000nam a22000007i 4500
001 IT\ICCU\SBL\0361511
003 ItRI
005 20260220223234.0
008 910930s1972 it |||||| ||||| |||||c
015 |2 IT  |a 7210199 
040 |b ita  |c ct 
041 7 |a ita  |2 ISO-639-2 
082 |a 301.415  |2 17 
130 2 |a I movimenti omosessuali di liberazione 
245 0 2 |a I movimenti omosessuali di liberazione /  |c a cura di Mariasilvia Spolato ; prefazione di Dacia Maraini. 
260 |a Roma :  |b La nuova sinistra,  |c © 1972 
300 |a 147 p. :  |b ill. ;  |c 19 cm. 
650 7 |a Omosessualità 
700 1 |a Maraini, Dacia  |0 IT\ICCU\CFIV\016486  |4 aft 
700 1 |a Spolato, Mariasilvia  |0 IT\ICCU\SBLV\186250 
830 0 |a Cultura politica ;  |v 99  |0 IT\ICCU\CFI\0070505 
942 |2 ddc  |c BK 
952 |0 0  |1 0  |2 ddc  |4 0  |6 B_SST04SPOMAMOV11  |7 0  |9 4918  |a MI  |b MI  |d 1987-07-20  |i 360  |l 0  |o B-SST04-SPOMA-MOV11  |p CDOM360  |r 2025-07-07 11:14:36  |w 2025-07-07  |x DONO  |y BK 
952 |0 0  |1 0  |4 0  |6 DOC_342_085000000000000_SPO  |7 0  |9 22937  |a BO  |b BO  |d 2026-01-15  |i 1298  |l 0  |o DOC 342.085 SPO  |p BO1298  |r 2026-01-15 23:22:41  |w 2026-01-15  |x [Sebina 7] [1 v.]  |y BK  |z 1 v. 
952 |0 0  |1 0  |4 0  |6 DOC_342_085000000000000_SPO  |7 0  |9 22938  |a BO  |b BO  |d 2026-01-15  |i 677  |l 0  |o DOC 342.085 SPO  |p BO677  |r 2026-01-15 23:22:41  |w 2026-01-15  |x [Sebina 7] [1 v.]  |y BK  |z 1 v. 
999 |c 3868  |d 3868